[Event "HUN-chT2 Barcza 1718"]
[Site "Hungary"]
[Date "2017.12.17"]
[Round "6.7"]
[White "Kaman, Attila"]
[Black "Varga, Marcell1111"]
[Result "1/2-1/2"]
[WhiteElo "2071"]
[BlackElo "2003"]
[PlyCount "28"]
[EventDate "2017.09.24"]
[EventType "team-tourn"]
[EventRounds "11"]
[EventCountry "HUN"]
[SourceTitle "EXT 2021"]
[Source "ChessBase"]
[SourceDate "2020.10.23"]
[SourceVersion "1"]
[SourceVersionDate "2020.10.23"]
[SourceQuality "1"]
[WhiteTeam "Hajduboszormeny"]
[BlackTeam "Nyiregyhaza SISE"]
[WhiteTeamCountry "HUN"]
[BlackTeamCountry "HUN"]

1. d4 d5 2. c4 c6 3. Nf3 Nf6 4. e3 Bf5 5. Nc3 e6 6. Be2 h6 7. 0-0 Be7 8. b3 0-0 9. a4 a5 10. Ba3 Bxa3 11. Rxa3 Na6 12. cxd5 exd5 13. Bd3 Bxd3 14. Qxd3 Nb4 1/2-1/2

[Event "HUN-chT2 Barcza 1617"]
[Site "Hungary"]
[Date "2017.01.29"]
[Round "7.6"]
[White "Kaman, Attila"]
[Black "Papp, Abel"]
[Result "0-1"]
[WhiteElo "2115"]
[BlackElo "2143"]
[PlyCount "106"]
[EventDate "2016.09.25"]
[EventType "team-tourn"]
[EventRounds "11"]
[EventCountry "HUN"]
[SourceTitle "EXT 2021"]
[Source "ChessBase"]
[SourceDate "2020.10.23"]
[SourceVersion "1"]
[SourceVersionDate "2020.10.23"]
[SourceQuality "1"]
[WhiteTeam "Hajduboszormeny"]
[BlackTeam "Lillafured DVTK II"]
[WhiteTeamCountry "HUN"]
[BlackTeamCountry "HUN"]

1. d4 d5 2. Nf3 Nf6 3. c4 c6 4. Nc3 dxc4 5. a4 Bf5 6. g3 Nbd7 7. Bg2 e6 8. 0-0 Bb4 9. Nd2 h6 10. Nxc4 Nb6 11. Ne5 a5 12. Re1 0-0 13. e4 Bh7 14. Qd3 Nbd7 15. Nc4 Nc5 16. Qe3 Nb3 17. Rb1 Qxd4 18. Qe2 Nxc1 19. Rbxc1 Rad8 20. Red1 Qa7 21. h3 Bc5 22. e5 Nd5 23. Ne4 Bxe4 24. Bxe4 f5 25. Bb1 g6 26. Kg2 Kh7 27. Rd3 Nb4 28. Rf3 Rd4 29. Ne3 Rfd8 30. g4 Rd2 31. Qe1 Bxe3 32. Rxe3 Rxb2 33. Rf3 Rdd2 34. gxf5 gxf5 35. Rd1 Qd4 36. Rxd2 Qxd2 37. Qf1 Qd5 38. Kg3 Qxe5+ 39. Kg2 Nd5 40. Qc1 Re2 41. Bd3 Ra2 42. Qb1 Rxa4 43. Rg3 Nf4+ 44. Kh2 Rb4 45. Qd1 Rd4 46. Bxf5+ exf5 47. Qb3 Qe6 48. Qxb7+ Rd7 49. Qa8 Nh5 50. Re3 Qd6+ 51. Kg2 Rg7+ 52. Kf1 Qd1+ 53. Re1 Qd3+ 0-1

[Event "HUN-chT2 Barcza 1617"]
[Site "Hungary"]
[Date "2016.10.30"]
[Round "3.7"]
[White "Lengyel, Laszlo1111"]
[Black "Kaman, Attila"]
[Result "1/2-1/2"]
[WhiteElo "2062"]
[BlackElo "2115"]
[PlyCount "64"]
[EventDate "2016.09.25"]
[EventType "team-tourn"]
[EventRounds "11"]
[EventCountry "HUN"]
[SourceTitle "EXT 2021"]
[Source "ChessBase"]
[SourceDate "2020.10.23"]
[SourceVersion "1"]
[SourceVersionDate "2020.10.23"]
[SourceQuality "1"]
[WhiteTeam "Tiszavasvar"]
[BlackTeam "Hajduboszormeny"]
[WhiteTeamCountry "HUN"]
[BlackTeamCountry "HUN"]

1. d4 Nf6 2. g3 d5 3. Bg2 g6 4. Nf3 Bg7 5. 0-0 0-0 6. c4 c6 7. cxd5 cxd5 8. Nc3 Nc6 9. e3 b6 10. Ne5 Bb7 11. b3 Rc8 12. Bb2 Nxe5 13. dxe5 Ne4 14. Nxe4 dxe4 15. Qd4 Rc2 16. Ba3 Qb8 17. Bxe4 Bxe5 18. Qd3 Bxe4 19. Qxe4 Rfc8 20. Rfc1 Rxc1+ 21. Rxc1 Rxc1+ 22. Bxc1 Qd6 23. Qc2 Kg7 24. Bb2 h5 25. h4 Qf6 26. Bxe5 Qxe5 27. Kf1 Kf6 28. Ke2 e6 29. Kd2 Qd6+ 30. Ke2 Qe5 31. Kd2 Qd6+ 32. Ke2 Qe5 1/2-1/2

[Event "HUN-chT2 Barcza 1617"]
[Site "Hungary"]
[Date "2016.09.25"]
[Round "1.7"]
[White "Botragyi, Tibor"]
[Black "Kaman, Attila"]
[Result "1/2-1/2"]
[WhiteElo "1979"]
[BlackElo "2115"]
[PlyCount "82"]
[EventDate "2016.09.25"]
[EventType "team-tourn"]
[EventRounds "11"]
[EventCountry "HUN"]
[SourceTitle "EXT 2021"]
[Source "ChessBase"]
[SourceDate "2020.10.23"]
[SourceVersion "1"]
[SourceVersionDate "2020.10.23"]
[SourceQuality "1"]
[WhiteTeam "Debrecen Sakkbaratok"]
[BlackTeam "Hajduboszormeny"]
[WhiteTeamCountry "HUN"]
[BlackTeamCountry "HUN"]

1. d4 Nf6 2. Nf3 c5 3. g3 d5 4. c3 Nc6 5. Bg2 e6 6. 0-0 Be7 7. Nbd2 0-0 8. Re1 Qb6 9. Qb3 c4 10. Qc2 Bd7 11. e4 Nxe4 12. Nxe4 dxe4 13. Nd2 f5 14. Nxc4 Qb5 15. Qb3 Qd5 16. Nd2 Qxb3 17. Nxb3 Rac8 18. f3 exf3 19. Bxf3 Kf7 20. Bf4 g5 21. Be3 b6 22. Rad1 Bf6 23. Bg2 Ne7 24. Nd2 Bc6 25. Nf3 h6 26. Bd2 Ng6 27. Bc1 Rfd8 28. Nd2 e5 29. dxe5 Nxe5 30. Nb3 Nf3+ 31. Bxf3 Bxf3 32. Rxd8 Rxd8 33. Be3 Be4 34. Bd4 Be7 35. Nd2 Bd5 36. Kf2 Bd6 37. Nf3 Be4 38. Nd2 Bd5 39. Nf3 Be4 40. Nd2 Bd3 41. Nf3 Be4 1/2-1/2

[Event "HUN-chT2 Barcza 1516"]
[Site "Hungary"]
[Date "2016.04.03"]
[Round "10.6"]
[White "Molnar, Milan"]
[Black "Kaman, Attila"]
[Result "0-1"]
[WhiteElo "1857"]
[BlackElo "2111"]
[PlyCount "61"]
[EventDate "2015.09.13"]
[EventType "team-tourn"]
[EventRounds "11"]
[EventCountry "HUN"]
[SourceTitle "EXT 2017"]
[Source "ChessBase"]
[SourceDate "2016.10.25"]
[SourceVersion "1"]
[SourceVersionDate "2016.10.25"]
[SourceQuality "1"]
[WhiteTeam "Kazincbarcika"]
[BlackTeam "Hajduboszormeny"]
[WhiteTeamCountry "HUN"]
[BlackTeamCountry "HUN"]

1. e4 c5 2. Nf3 Nc6 3. Nc3 e5 4. Nd5 Nf6 5. d3 h6 6. Be2 d6 7. h3 Be6 8. c4 g6 9. Bd2 Bg7 10. a3 0-0 11. Qc1 Kh7 12. g4 Ng8 13. Rg1 f5 14. gxf5 gxf5 15. exf5 Rxf5 16. Qc2 Kh8 17. Be3 Rc8 18. Nc3 Nd4 19. Bxd4 cxd4 20. Ne4 d5 21. Ng3 dxc4 22. Nxf5 Bxf5 23. Qd2 cxd3 24. Bxd3 e4 25. Rxg7 Kxg7 26. Qb4 exd3 27. Nxd4 Qd5 28. Kd2 Bg6 29. Rg1 Kf7 30. Rg4 Nf6 31. Rg3 0-1

[Event "HUN-chT2 Barcza 1516"]
[Site "Hungary"]
[Date "2016.03.20"]
[Round "9.8"]
[White "Kaman, Attila"]
[Black "Kiripolszky, Tamas"]
[Result "1-0"]
[WhiteElo "2117"]
[BlackElo "1935"]
[PlyCount "75"]
[EventDate "2015.09.13"]
[EventType "team-tourn"]
[EventRounds "11"]
[EventCountry "HUN"]
[SourceTitle "EXT 2017"]
[Source "ChessBase"]
[SourceDate "2016.10.25"]
[SourceVersion "1"]
[SourceVersionDate "2016.10.25"]
[SourceQuality "1"]
[WhiteTeam "Hajduboszormeny"]
[BlackTeam "Hajduszoboszlo"]
[WhiteTeamCountry "HUN"]
[BlackTeamCountry "HUN"]

1. d4 d5 2. c4 e5 3. dxe5 d4 4. e4 Nc6 5. f4 Nxe5 6. fxe5 Qh4+ 7. Kd2 Qxe4 8. Qe2 Bb4+ 9. Kd1 Bg4 10. Nf3 Qc6 11. Nbd2 0-0-0 12. Qe4 Qd7 13. Bd3 Nh6 14. a3 Be7 15. Kc2 Bf5 16. Qe2 Ng4 17. Bxf5 Qxf5+ 18. Kb3 Bc5 19. Qe4 Qe6 20. Ng5 Qb6+ 21. Ka2 Nh6 22. Rf1 f6 23. exf6 Rde8 24. fxg7 Rhg8 25. Qxh7 d3 26. Qxd3 Rxg7 27. Nb3 Be7 28. Ne4 Qg6 29. Bxh6 Qxh6 30. Rad1 Qg6 31. Ng3 Bd6 32. Nf5 Rgg8 33. Nxd6+ cxd6 34. g3 Qh5 35. Qxd6 Rd8 36. Qc5+ Qxc5 37. Rxd8+ Rxd8 38. Nxc5 1-0

[Event "HUN-chT2 Barcza 1516"]
[Site "Hungary"]
[Date "2015.11.08"]
[Round "4.8"]
[White "Darai, Tihamer"]
[Black "Kaman, Attila"]
[Result "1-0"]
[WhiteElo "1832"]
[BlackElo "2128"]
[PlyCount "59"]
[EventDate "2015.09.13"]
[EventType "team-tourn"]
[EventRounds "11"]
[EventCountry "HUN"]
[SourceTitle "CBM 170 Extra"]
[Source "ChessBase"]
[SourceDate "2016.02.25"]
[SourceVersion "1"]
[SourceVersionDate "2016.02.25"]
[SourceQuality "1"]
[WhiteTeam "Nyiregyhaza"]
[BlackTeam "Hajduboszormeny"]
[WhiteTeamCountry "HUN"]
[BlackTeamCountry "HUN"]

1. e4 c5 2. Nf3 e6 3. d4 cxd4 4. Nxd4 a6 5. c4 Qc7 6. Bd3 Nf6 7. Be3 Nc6 8. 0-0 Be7 9. Nc3 0-0 10. Nxc6 bxc6 11. f4 d6 12. Qf3 Rb8 13. b3 Nd7 14. Qh3 g6 15. f5 exf5 16. exf5 Ne5 17. Bh6 Re8 18. Qg3 Nxd3 19. fxg6 hxg6 20. Qxd3 f5 21. Rae1 Kh7 22. Bg5 Kg7 23. Qh3 Bxg5 24. Rxe8 Bh6 25. Rfe1 Rb7 26. Qh4 g5 27. Qd4+ Kg6 28. Qh8 Bg7 29. R1e6+ Bxe6 30. Rxe6+ 1-0

[Event "HUN-chT2 Barcza 1516"]
[Site "Hungary"]
[Date "2015.10.18"]
[Round "3.7"]
[White "Kaman, Attila"]
[Black "Czina, Tivadar"]
[Result "1-0"]
[WhiteElo "2128"]
[BlackElo "2155"]
[PlyCount "77"]
[EventDate "2015.09.13"]
[EventType "team-tourn"]
[EventRounds "11"]
[EventCountry "HUN"]
[SourceTitle "CBM 170 Extra"]
[Source "ChessBase"]
[SourceDate "2016.02.25"]
[SourceVersion "1"]
[SourceVersionDate "2016.02.25"]
[SourceQuality "1"]
[WhiteTeam "Hajduboszormeny"]
[BlackTeam "SSASSE"]
[WhiteTeamCountry "HUN"]
[BlackTeamCountry "HUN"]

1. d4 d5 2. Nf3 Nf6 3. c4 c6 4. Nc3 e6 5. g3 dxc4 6. a4 Bb4 7. Bg2 Nbd7 8. 0-0 0-0 9. Qc2 Bxc3 10. Qxc3 a5 11. Qxc4 Nb6 12. Qb3 Nbd5 13. Rd1 Qb6 14. Qxb6 Nxb6 15. Ne5 Nfd7 16. Nd3 Re8 17. e4 f6 18. b3 Kf7 19. Be3 Ra6 20. Rac1 g6 21. Nf4 g5 22. Nd3 h6 23. Bf3 Kg6 24. Nb2 Ra8 25. Bg2 h5 26. f4 g4 27. Kf2 Rf8 28. d5 exd5 29. exd5 Nxd5 30. Bxd5 cxd5 31. Rxd5 b6 32. Nc4 Rb8 33. Nd6 Ba6 34. Rc7 Rfd8 35. f5+ Kg7 36. Nc4 Rb7 37. Rxb7 Bxb7 38. Rd6 Kf7 39. Bxb6 1-0

[Event "HUN-chT2 Barcza 1516"]
[Site "Hungary"]
[Date "2015.09.13"]
[Round "1.6"]
[White "Vanczak, Tamas"]
[Black "Kaman, Attila"]
[Result "1-0"]
[WhiteElo "2102"]
[BlackElo "2128"]
[PlyCount "103"]
[EventDate "2015.09.13"]
[EventType "team-tourn"]
[EventRounds "11"]
[EventCountry "HUN"]
[SourceTitle "CBM 170 Extra"]
[Source "ChessBase"]
[SourceDate "2016.02.25"]
[SourceVersion "1"]
[SourceVersionDate "2016.02.25"]
[SourceQuality "1"]
[WhiteTeam "Miskolc KisBocsok"]
[BlackTeam "Hajduboszormeny"]
[WhiteTeamCountry "HUN"]
[BlackTeamCountry "HUN"]

1. e4 c5 2. Nf3 Nc6 3. d4 cxd4 4. Nxd4 d6 5. Nc3 Nf6 6. Bc4 e5 7. Nde2 Be7 8. Bg5 a6 9. Bxf6 Bxf6 10. 0-0 0-0 11. Kh1 Be6 12. Bb3 b5 13. Nd5 Bxd5 14. Bxd5 Rc8 15. Bxc6 Rxc6 16. a3 Bg5 17. Nc3 g6 18. Qd3 Kg7 19. Rad1 f5 20. f3 Qc8 21. a4 b4 22. Nd5 a5 23. c3 bxc3 24. bxc3 fxe4 25. fxe4 Qa6 26. Qxa6 Rxa6 27. Rxf8 Kxf8 28. Nc7 Rc6 29. Ne6+ Ke7 30. Nxg5 h6 31. Nf3 Rxc3 32. Kg1 Rc4 33. Re1 Rxa4 34. Kf2 Ke6 35. Re2 Rb4 36. Ne1 a4 37. Nd3 Rb3 38. Nc1 Rb1 39. Na2 Rb3 40. Rd2 a3 41. Ke2 h5 42. Kd1 h4 43. h3 Re3 44. Re2 Rxe2 45. Kxe2 d5 46. Kd3 d4 47. Nc1 Kf6 48. Kc2 Kg5 49. Nd3 Kf6 50. Kb3 g5 51. Kxa3 g4 52. Kb3 1-0

[Event "HUN-chT2 Maroczy 1314"]
[Site "Hungary"]
[Date "2013.11.17"]
[Round "5"]
[White "Halak, Miklos"]
[Black "Kaman, Attila"]
[Result "1-0"]
[WhiteElo "2150"]
[BlackElo "2152"]
[PlyCount "65"]
[EventDate "2013.09.08"]
[EventType "team-tourn"]
[EventRounds "11"]
[EventCountry "HUN"]
[SourceTitle "EXT 2016"]
[Source "ChessBase"]
[SourceDate "2015.10.08"]
[SourceVersion "1"]
[SourceVersionDate "2015.10.08"]
[SourceQuality "1"]
[WhiteTeam "Lila Futo"]
[BlackTeam "Hajduboszormeny"]
[WhiteTeamCountry "HUN"]
[BlackTeamCountry "HUN"]

1. e4 c5 2. c3 d5 3. exd5 Qxd5 4. d4 Nc6 5. Nf3 Bg4 6. Be2 e6 7. h3 Bh5 8. 0-0 Nf6 9. Na3 cxd4 10. Nb5 Qd8 11. Nfxd4 Nxd4 12. Nxd4 Bxe2 13. Qxe2 Be7 14. Rd1 Qa5 15. Bf4 0-0 16. a4 Nd5 17. Nxe6 Nxc3 18. bxc3 fxe6 19. Qxe6+ Kh8 20. Rd5 Bc5 21. Be3 b6 22. Bd4 Rae8 23. Qd7 Bxd4 24. Rxa5 Bxf2+ 25. Kh2 bxa5 26. Rf1 Bb6 27. Rf7 Rd8 28. Rxf8+ Rxf8 29. c4 g6 30. g4 Be3 31. Qe7 Bf4+ 32. Kg2 Kg8 33. Qxa7 1-0

[Event "HUN-chT2 Barcza 1213"]
[Site "Hungary"]
[Date "2012.10.07"]
[Round "2.5"]
[White "Kaman, Attila"]
[Black "Sztaray, Gyula"]
[Result "1-0"]
[WhiteElo "2128"]
[BlackElo "2005"]
[PlyCount "55"]
[EventDate "2012.09.16"]
[EventType "team-tourn"]
[EventRounds "11"]
[EventCountry "HUN"]
[SourceTitle "EXT 2014"]
[Source "ChessBase"]
[SourceDate "2013.11.20"]
[SourceVersion "1"]
[SourceVersionDate "2013.11.20"]
[SourceQuality "1"]
[WhiteTeam "Hajduboszormeny"]
[BlackTeam "Debrecen Betu"]
[WhiteTeamCountry "HUN"]
[BlackTeamCountry "HUN"]

1. d4 Nf6 2. c4 e6 3. a3 b6 4. Nc3 Be7 5. d5 exd5 6. cxd5 0-0 7. Nf3 d6 8. g3 Bb7 9. Bg2 Re8 10. 0-0 Bf8 11. Nd4 a6 12. e4 g6 13. h3 Bg7 14. Be3 Nbd7 15. Qc2 Rc8 16. Rad1 Qe7 17. Rfe1 h6 18. f4 Qd8 19. Bf2 Nh7 20. Qd3 Nc5 21. Qf3 Nd7 22. h4 Re7 23. Bh3 Qf8 24. Nc6 Bxc6 25. dxc6 Rd8 26. cxd7 Rexd7 27. Bxd7 Rxd7 28. e5 1-0

[Event "HUN-chT2 Barcza 1011"]
[Site "Hungary"]
[Date "2010.11.21"]
[Round "6.3"]
[White "Baranyai, Szabolcs Jr"]
[Black "Kaman, Attila"]
[Result "1/2-1/2"]
[WhiteElo "2269"]
[BlackElo "2209"]
[PlyCount "60"]
[EventDate "2010.09.12"]
[EventType "team-tourn"]
[EventRounds "11"]
[EventCountry "HUN"]
[SourceTitle "EXT 2012"]
[Source "ChessBase"]
[SourceDate "2011.11.24"]
[SourceVersion "1"]
[SourceVersionDate "2011.11.24"]
[SourceQuality "1"]
[WhiteTeam "Hajduszoboszlo"]
[BlackTeam "Hajduboszormeny"]
[WhiteTeamCountry "HUN"]
[BlackTeamCountry "HUN"]

1. e4 e6 2. d4 c5 3. c3 Nf6 4. Bd3 Nc6 5. Nf3 Be7 6. 0-0 0-0 7. d5 exd5 8. exd5 Nxd5 9. Bxh7+ Kxh7 10. Qxd5 Kg8 11. Bg5 d6 12. Bxe7 Nxe7 13. Qh5 Bf5 14. Nbd2 Qd7 15. Rfe1 Rfe8 16. Ne4 Bxe4 17. Rxe4 Qf5 18. Qxf5 Nxf5 19. Rae1 Rxe4 20. Rxe4 Kf8 21. Kf1 Re8 22. Rxe8+ Kxe8 23. Ke2 d5 24. Kd3 Ke7 25. h4 Kf6 26. g3 Nd6 27. Nd2 Ke5 28. Nf1 Nf5 29. f4+ Ke6 30. h5 Nh6 1/2-1/2

[Event "HUN-chT2 Maroczy 0910"]
[Site "Hungary"]
[Date "2009.11.08"]
[Round "1"]
[White "Kiss, Gergely"]
[Black "Kaman, Attila"]
[Result "1-0"]
[WhiteElo "2270"]
[BlackElo "2209"]
[PlyCount "115"]
[EventDate "2009.11.08"]
[EventType "team-tourn"]
[EventRounds "11"]
[EventCountry "HUN"]
[SourceTitle "EXT 2011"]
[Source "ChessBase"]
[SourceDate "2010.11.26"]
[SourceVersion "1"]
[SourceVersionDate "2010.11.26"]
[SourceQuality "1"]
[WhiteTeam "MLTC II"]
[BlackTeam "Hajduboszormeny"]
[WhiteTeamCountry "HUN"]
[BlackTeamCountry "HUN"]

1. e4 c5 2. Nc3 Nc6 3. g3 g6 4. Bg2 Bg7 5. d3 d6 6. f4 e5 7. Nf3 Nge7 8. 0-0 0-0 9. Be3 Nd4 10. Qd2 f5 11. Nh4 Rb8 12. Nd1 Qc7 13. c3 Ndc6 14. Nf2 b6 15. exf5 Nxf5 16. Nxf5 Bxf5 17. Bd5+ Kh8 18. Ne4 Ne7 19. c4 Rbe8 20. Nc3 Qd7 21. Bg2 Bh3 22. fxe5 dxe5 23. Bxh3 Qxh3 24. Qg2 Qd7 25. Qe4 Nf5 26. Nd5 Nd6 27. Rxf8+ Rxf8 28. Qg2 e4 29. Rd1 exd3 30. b3 Nf5 31. Bf4 Re8 32. Rxd3 Re1+ 33. Kf2 Ra1 34. Rd2 Bd4+ 35. Ke2 h6 36. Qe4 Qf7 37. g4 Nd6 38. Qf3 Qe6+ 39. Kd3 Nf7 40. Re2 Qc8 41. Ne7 Qd8 42. Qd5 Kg7 43. Nc6 Qf6 44. Nxd4 cxd4 45. Qxd4 Rd1+ 46. Bd2 Qxd4+ 47. Kxd4 Ng5 48. Kc3 Nf3 49. Bf4 Rd7 50. Rf2 Ng1 51. Be5+ Kh7 52. b4 Re7 53. Kd4 Nh3 54. Rf8 g5 55. c5 bxc5+ 56. bxc5 Nf4 57. Bxf4 gxf4 58. Rxf4 1-0

[Event "HUN-chT2 Barcza 0809"]
[Site "Hungary"]
[Date "2009.01.25"]
[Round "6.2"]
[White "Kaman, Attila"]
[Black "Balogh, Sandor"]
[Result "1/2-1/2"]
[WhiteElo "2206"]
[BlackElo "2194"]
[PlyCount "35"]
[EventDate "2008.10.26"]
[EventType "team-tourn"]
[EventRounds "11"]
[EventCountry "HUN"]
[SourceTitle "EXT 2010"]
[Source "ChessBase"]
[SourceDate "2010.11.25"]
[SourceVersion "1"]
[SourceVersionDate "2010.11.25"]
[SourceQuality "1"]
[WhiteTeam "TEVA SE"]
[BlackTeam "Debrecen Betu"]
[WhiteTeamCountry "HUN"]
[BlackTeamCountry "HUN"]

1. e4 c6 2. d4 d5 3. Nc3 dxe4 4. Nxe4 Bf5 5. Ng3 Bg6 6. Nf3 Nd7 7. h4 h6 8. h5 Bh7 9. Bd3 Bxd3 10. Qxd3 Qc7 11. Bd2 Ngf6 12. 0-0-0 e6 13. c4 Bd6 14. Ne4 Bf4 15. Kb1 Nxe4 16. Qxe4 Bxd2 17. Rxd2 Nf6 18. Qe2 1/2-1/2

[Event "HUN-chT2 Barcza 0809"]
[Site "Hungary"]
[Date "2008.11.02"]
[Round "2.2"]
[White "Kiss, Sandor1111"]
[Black "Kaman, Attila"]
[Result "0-1"]
[WhiteElo "2125"]
[BlackElo "2206"]
[PlyCount "50"]
[EventDate "2008.10.26"]
[EventType "team-tourn"]
[EventRounds "11"]
[EventCountry "HUN"]
[SourceTitle "EXT 2010"]
[Source "ChessBase"]
[SourceDate "2010.11.25"]
[SourceVersion "1"]
[SourceVersionDate "2010.11.25"]
[SourceQuality "1"]
[WhiteTeam "Tiszavasvar"]
[BlackTeam "TEVA SE"]
[WhiteTeamCountry "HUN"]
[BlackTeamCountry "HUN"]

1. e4 c5 2. Nc3 Nc6 3. g3 g6 4. Bg2 Bg7 5. Nge2 e6 6. a3 Nge7 7. b4 b6 8. 0-0 0-0 9. Rb1 d6 10. f4 Nd4 11. f5 exf5 12. exf5 Bxf5 13. d3 Rc8 14. h3 Qc7 15. Nf4 cxb4 16. Ncd5 Nxd5 17. Nxd5 Qxc2 18. Ne7+ Kh8 19. Nxc8 Qxb1 20. Nxd6 Bxd3 21. Re1 b3 22. Bd5 Ne2+ 23. Rxe2 Bxe2 24. Qxe2 Qxc1+ 25. Kg2 Qc2 0-1